000 00892nas a2200289 4500
001 BR2013010223
003 BR-BrBNA
005 20231205123422.0
007 ta
008 230509b bl.|||p| |||| 00| 00por d
040 _aBR-BrBNA
_bpor
_cBiblioteca Nacional de Agricultura
041 _a(Pt)
072 _aL10; U10
100 1 _aMagalhães, A.F.B.
100 1 _aLobo, R.N.B.
100 1 _aFacó, O.
245 1 _aEstimativa de parâmetros genéticos para características de crescimento em ovinos da raça Somalis Brasileira
650 _aOVINO
650 _aRAÇA
650 _aPARÂMETRO GENÉTICO
650 _aMÉTODO ESTATÍSTICO
650 _aHEREDITARIEDADE
650 _aCONDIÇÃO CORPORAL
773 0 _tCiência Rural (Brazil)
_xISSN 0103-8478
_g(May 2013), v. 43(5) p. 884-889
_wBR2013010223
909 _a202311
_bLúcia
_c55
_dLúcia Elande
942 _2AGRIS
_n0
_cANA
999 _c233772
_d233772